Effective reading /
Na minha lista:
| Autor principal: | |
|---|---|
| Formato: | Livro |
| Idioma: | English Vietnamese |
| Publicado em: |
Tp.HCM :
Nxb Tp.HCM,
1986.
|
| Assuntos: | |
| Tags: |
Adicionar Tag
Sem tags, seja o primeiro a adicionar uma tag!
|
| Thư viện lưu trữ: | Mạng thư viện Đại học Đà Nẵng |
|---|
| LEADER | 00985nam a22003011a 4500 | ||
|---|---|---|---|
| 001 | 000037599 | ||
| 003 | 13894 | ||
| 005 | 20220817161420.0 | ||
| 008 | 160412s1986 000 | ||
| 040 | |a lnn |c lnn |d lnn | ||
| 041 | 1 | |a eng |a vie | |
| 082 | 1 | 4 | |a 428.4 |b GR-S |
| 100 | 1 | |a Greenall, Simon. | |
| 245 | 1 | 0 | |a Effective reading / |c Simon Greenall, Michael Swan. |
| 260 | |a Tp.HCM : |b Nxb Tp.HCM, |c 1986. | ||
| 300 | |a 214p. ; |c 20,5 cm. | ||
| 630 | 0 | 4 | |a English language. |
| 630 | 0 | 4 | |a Reading. |
| 650 | 0 | 4 | |a English language |x Reading |x Study and teaching. |
| OWN | |a LNN | ||
| AVA | |a UDN50 |b LNN |c English |d 428.4GR-S |e available |t Error 5001 Not defined in file expand_doc_bib_avail. |f 3 |g 0 |h N |i 0 |j AN | ||
| 999 | |a From the UDN01 | ||
| AVA | |a UDN50 |b LNN |c English |d 428.4GR-S |e available |t Error 5001 Not defined in file expand_doc_bib_avail. |f 3 |g 0 |h N |i 0 |j AN | ||
| TYP | |a Monograph | ||
| 980 | |a Mạng thư viện Đại học Đà Nẵng | ||